000 00300nam a22001337a 4500
008 171017b xxu||||| |||| 00| 0 eng d
020 _a9780205780235
041 _aeng
080 _29TH
_a33
100 _a52
101 _aEKO
245 _aINTERNATIONAL RELATIONS
_cGOLDSTEIN,J,S
942 _2udc
_cBK
999 _c34294
_d34294